Photosynthesis in grass species differing in carbon dioxide fixation pathways (Registro nro. 10814)

Detalles MARC
000 -CABECERA
Campo de control 004370000a22001450004500
090 ## - CLASIFICACIÓN LOCAL
Colección AR
Consecutivo 01735
041 0# - IDIOMA
Código de idioma para texto/pista de sonido o título separado
100 1# - ASIENTO PRINCIPAL--NOMBRE PERSONAL
Nombre personal Morgan, Jack A.
245 10 - MENCION DE TITULO
Título Photosynthesis in grass species differing in carbon dioxide fixation pathways
650 14 - ASIENTO SECUNDARIO DE MATERIA - TERMINO TEMATICO
Término temático o nombre geográfico como elemento de entrada Agronomía
650 14 - ASIENTO SECUNDARIO DE MATERIA - TERMINO TEMATICO
Término temático o nombre geográfico como elemento de entrada Fisiología vegetal
700 1# - ASIENTO SECUNDARIO - NOMBRE PERSONAL
Nombre personal Brown, R. Harold
773 1# - Item fuente:
Título Plant Physiology
Especificación de materiales 591
Paginas del Articulo 156-159
Lugar, editorial y fecha de publicación 1980
Información sobre la relación 65
942 ## - ELEMENTOS ADICIONALES (KOHA)
Tipo de ítem Artículo
Existencias
Withdrawn status Lost status Damaged status No para préstamo Colección Ubicación Permanente Ubicación actual Fecha de adquisición Datos de publicación Seriada Total Checkouts Número topográfico Inventario / Código de Barras Date last seen Ejemplar Price effective from Forma de adquisición Tipo de material
      No para Préstamo Hemeroteca Bogotá Bogotá 27/02/2015 Fuera de circulación   AR 01735 012097 25/03/2015 1 25/03/2015   Artículo